000
00329 a2200145 4500
001
154238
040
_c
Escola São Tomás de Aquino
100
_a
BANVILLE,John
240
1
0
_a
O mar
_l
por
245
1
0
_a
O mar
362
0
_a
2007
440
1
_a
Nova Fronteira
697
_a
OUTRAS LITERATURAS (DIVERSAS LÍNGUAS)
942
_c
BK
999
_c
154238
_d
154238